00526nam a2200193Ia 4500003000400000005001700004008004100021040000700062041000800069082001600077100002400093245006800117260004200185300000700227365000700234650002500241650003900266650002700305OSt20241128154207.0210719s1886 xx 000 0 und d cAL aeng a378.14 STAR aST ALOYSIUS COLLEGE aSt. Aloysius college Mangalore: Report and prize list 1886-1895 aMangalorebSt. Aloysius Collegec1886 bPB cRs aSt. Aloysius College a1886,1887,1989,1891,1892,1893,1895 amissing:1888,1890,1894